000 00783nam a2200265Ia 4500
001 dia_1941
003 CHAP
005 20230502101323.0
008 220117s9999 xx 000 0 und d
010 _a172477
040 _cCHAP
082 _a633.61 G82
100 _aIckis, John C.
_9151884
245 _aProyecto de Cultivos y Exportaciones de Cítricos del Uruguay /
_c por John C. Ickis
264 _cS.A.
300 _a15 p.
500 _aAnexos
650 _a1.Frutas cítricas
_xCultivo
_xUruguay
_9151885
650 _aFrutas cítricas
_xComercialización
_xUruguay
_9151886
650 _aProyectos agroindustriales
_9149917
901 _a633.61 G82
902 _aM
905 _a000000S.A. X 0000000000spa00
942 _cLIBRO
_2ddc
999 _c172477
_d172477